Los padres de la Iglesia: de san Clemente Romano a san Agustín. Catequesis durante las audiencias de los miércoles
সংরক্ষণ করুন:
| প্রধান লেখক: | |
|---|---|
| বিন্যাস: | গ্রন্থ |
| ভাষা: | স্প্যানিশ |
| প্রকাশিত: |
Buenos Aires
Agape Libros
2008
|
| সংস্করন: | 1a. ed |
| মালা: | Pontífices, 4
|
| বিষয়গুলি: | |
| ট্যাগগুলো: |
ট্যাগ যুক্ত করুন
কোনো ট্যাগ নেই, প্রথমজন হিসাবে ট্যাগ করুন!
|
MARC
| LEADER | 00000cam a2200000 a 4500 | ||
|---|---|---|---|
| 001 | UCE7439 | ||
| 003 | CL-VaPUC | ||
| 008 | 150612e20080000ag |||||||||||||||||spa|d | ||
| 020 | |a 9789876400176 | ||
| 082 | 0 | 4 | |a 251 |b BEN |2 21 |
| 100 | 0 | |a Benedicto XVI |e author |9 494398 | |
| 245 | 1 | 4 | |a Los padres de la Iglesia: de san Clemente Romano a san Agustín. Catequesis durante las audiencias de los miércoles |
| 250 | |a 1a. ed | ||
| 300 | |a 230 p | ||
| 942 | |c BK | ||
| 945 | |d 20150612 13:50:00 |a dcastane | ||
| 260 | |a Buenos Aires |b Agape Libros |c 2008 | ||
| 600 | 0 | |a Ratzinger, Joseph, |c Papa |e autor |9 494399 | |
| 650 | 0 | |a Homilética |9 478090 | |
| 650 | 0 | |a Homilías |9 366132 | |
| 650 | 0 | |a Textos sagrados |9 257605 | |
| 583 | |a last modification |c 20150619 03:23:37 |k Rodrigo Vera | ||
| 490 | 0 | |a Pontífices, 4 | |
| 999 | |c 359534 |d 359532 | ||
| 952 | |0 0 |1 0 |3 erd |4 0 |6 251_000000000000000_BEN_2008 |7 0 |8 A |9 468757 |a BIBTEO |b BIBTEO |i 5161460 |l 4 |m 4 |o 251 BEN 2008 |p 5161460 |r 2025-01-17 |s 2023-11-15 |w 2019-11-23 |y BK |z Catalogado en:20150612 |k ICR | ||